Regulatory Data Science for Medical Devices (Record no. 13637)
[ view plain ]
| 000 -LEADER | |
|---|---|
| fixed length control field | 00817nam a2200133Ia 4500 |
| 008 - FIXED-LENGTH DATA ELEMENTS--GENERAL INFORMATION | |
| fixed length control field | 220615s9999||||xx |||||||||||||| ||und|| |
| 020 ## - INTERNATIONAL STANDARD BOOK NUMBER | |
| International Standard Book Number | 9783040000000 |
| 245 #0 - TITLE STATEMENT | |
| Title | Regulatory Data Science for Medical Devices |
| 546 ## - LANGUAGE NOTE | |
| Language note | English[eng] |
| 650 ## - SUBJECT ADDED ENTRY--TOPICAL TERM | |
| Topical term or geographic name entry element | medical technology||digital healthcare||data science||regulations||machine learning||software||medical device regulations||healthcare provider||software as medical device||technology translation||quality management system||law||medical devices||regulatory data science||natural language processing||linguistic analysis||optimisation||medical device||ecodesign||environmental impact||classification||healthcare||innovation||regulation||decision tree complexity||n/a |
| 700 ## - ADDED ENTRY--PERSONAL NAME | |
| Personal name | Bergmann, Jeroen |
| 856 ## - ELECTRONIC LOCATION AND ACCESS | |
| Uniform Resource Identifier | <a href="https://mdpi.com/books/pdfview/book/5395">https://mdpi.com/books/pdfview/book/5395</a> |
| 942 ## - ADDED ENTRY ELEMENTS (KOHA) | |
| Koha item type | E-Books |
| Withdrawn status | Lost status | Damaged status | Not for loan | Home library | Current library | Date acquired | Total Checkouts | Date last seen | Price effective from | Koha item type |
|---|---|---|---|---|---|---|---|---|---|---|
| Kerala University of Digital Sciences, Innovation and Technology Knowledge Centre | Kerala University of Digital Sciences, Innovation and Technology Knowledge Centre | 15/06/2022 | 15/06/2022 | 15/06/2022 | E-Books |